000 00284nam a2200121Ia 4500
008 190216s9999||||xx |||||||||||||| ||und||
100 _aLahiri J
245 0 _aSelected Poems
260 _bLakshmi Narain Agarwal Pub
_c1998
300 _a206p
650 _aEnglish Poetry
942 _cBK
999 _c13732
_d13732